000 00746nam a2200181Ia 4500
008 090124s9999 xx 000 0 und d
082 _b11690
100 _a"सावळापूरकर, पांडुरंग कृष्ण"
245 _a काव्यप्रकाश
250 _a0
260 _b"काव्यप्रकाश ग्रंथप्रकाशन समिति, नागपूर"
_c1954
300 _a298
600 _a"सावळापूरकर, पांडुरंग कृष्ण"
630 _a काव्यप्रकाश
700 _a"सावळापूरकर, पांडुरंग कृष्ण"
730 _a काव्यप्रकाश
942 _cBOOK
999 _c87033
_d87033